Fu-Ku: (Record no. 21200)
[ view plain ]
| 000 -LEADER | |
|---|---|
| fixed length control field | 02383nam a22003617a 4500 |
| 005 - DATE AND TIME OF LATEST TRANSACTION | |
| control field | 20090119120216.0 |
| 008 - FIXED-LENGTH DATA ELEMENTS--GENERAL INFORMATION | |
| fixed length control field | 090119t xxu||||| |||| 00| 1 eng d |
| 010 ## - LCCN (DPL NO) | |
| LC control number | B-357773 |
| 020 ## - INTERNATIONAL STANDARD BOOK NUMBER | |
| International Standard Book Number | 9788123750927 |
| Terms of availability | 19.00 |
| 035 ## - SYSTEM CONTROL NUMBER | |
| System control number | B-357773 |
| 035 ## - SYSTEM CONTROL NUMBER | |
| System control number | B-345446-425 |
| 037 ## - SOURCE OF ACQUISITION | |
| Source of stock number/acquisition | Tarun Books (vendor) |
| 040 ## - CATALOGING SOURCE | |
| Original cataloging agency | dpl |
| Language of cataloging | English |
| 082 ## - DEWEY DECIMAL CLASSIFICATION NUMBER | |
| Classification number | S |
| 100 ## - MAIN ENTRY--PERSONAL NAME | |
| Personal name | Joshi, Jagdish |
| 245 ## - TITLE STATEMENT | |
| Title | Fu-Ku: |
| Remainder of title | an alien / |
| Statement of responsibility, etc | by Jagdish Joshi; translated by Kaveri Joshi |
| 260 ## - PUBLICATION, DISTRIBUTION, ETC. (IMPRINT) | |
| Place of publication, distribution, etc | New Delhi |
| Name of publisher, distributor, etc | National Book Trust |
| Date of publication, distribution, etc | 2007 |
| 270 ## - ADDRESS | |
| Address | A-5 Green Park |
| City | New Delhi |
| Postal code | 110016 |
| 300 ## - PHYSICAL DESCRIPTION | |
| Extent | Unpaged : |
| Other physical details | col. photos |
| Dimensions | 24.5cm(pbk) |
| 700 ## - ADDED ENTRY--PERSONAL NAME | |
| Personal name | Joshi, Kaveri |
| 710 ## - ADDED ENTRY--CORPORATE NAME | |
| Corporate name or jurisdiction name as entry element | Joshi, Kaveri |
| 942 ## - ADDED ENTRY ELEMENTS (KOHA) | |
| Source of classification or shelving scheme | Dewey Decimal Classification |
| Item type | Children Books |
| Classification part | S |
| Call number suffix | JOS |
| Withdrawn status | Lost status | Source of classification or shelving scheme | Damaged status | Not for loan | Collection code | Home library | Current library | Date acquired | Source of acquisition | Cost, normal purchase price | Total Checkouts | Full call number | Barcode | Date last seen | Copy number | Cost, replacement price | Koha item type |
|---|---|---|---|---|---|---|---|---|---|---|---|---|---|---|---|---|---|
| Dewey Decimal Classification | Fiction | Central Library | Central Library | 29/09/2009 | Tarun Books/3947/21.5.09/13/23.4.09/4.7.09 | 19.00 | S JOS | B-345446 | 29/09/2009 | 1 | 19.00 | Children Books | |||||
| Withdrawn | Dewey Decimal Classification | Fiction | Janak Puri | Janak Puri | 16/09/2009 | Tarun Books/4121/9.9.09/89/2.9.09/11.9.09 | 19.00 | 3 | S JOS | B-357773 | 02/06/2010 | 1 | 19.00 | English Books | |||
| Dewey Decimal Classification | Fiction | Karol Bagh | Karol Bagh | 29/09/2009 | Tarun Books/3947/21.5.09/13/23.4.09/4.7.09 | 19.00 | S JOS | B-345451 | 29/09/2009 | 1 | 19.00 | Children Books | |||||
| Written-off vide DLB M. No. 383 dt 16.05.19 | Dewey Decimal Classification | Fiction | Patel Nagar | Patel Nagar | 29/09/2009 | Tarun Books/3947/21.5.09/13/23.4.09/4.7.09 | 19.00 | S JOS | B-345447 | 29/09/2009 | 1 | 19.00 | Children Books | ||||
| Dewey Decimal Classification | Fiction | Sarojini Nagar | Sarojini Nagar | 29/09/2009 | Tarun Books/3947/21.5.09/13/23.4.09/4.7.09 | 19.00 | S JOS | B-345448 | 29/09/2009 | 1 | 19.00 | Children Books | |||||
| Dewey Decimal Classification | Fiction | Sarojini Nagar | Sarojini Nagar | 29/09/2009 | Tarun Books/3947/21.5.09/13/23.4.09/4.7.09 | 19.00 | 1 | S JOS | B-345449 | 08/09/2025 | 1 | 19.00 | Children Books | ||||
| Written-off vide DLB M. No. 383 dt 16.05.19 | Dewey Decimal Classification | Fiction | Shahdara Branch | Shahdara Branch | 29/09/2009 | Tarun Books/3947/21.5.09/13/23.4.09/4.7.09 | 19.00 | S JOS | B-345452 | 29/09/2009 | 1 | 19.00 | Children Books | ||||
| Dewey Decimal Classification | Fiction | Vinoba Puri | Vinoba Puri | 29/09/2009 | Tarun Books/3947/21.5.09/13/23.4.09/4.7.09 | 19.00 | 3 | S JOS | B-345450 | 30/08/2013 | 1 | 19.00 | Children Books |
